Jack: What I Learned Leading a Great Company with Great People (Record no. 612603)

000 -LEADER
fixed length control field 00461nam a22001457a 4500
020 ## - INTERNATIONAL STANDARD BOOK NUMBER
International Standard Book Number 0755310438
040 ## - CATALOGING SOURCE
Transcribing agency Nust
082 ## - DEWEY DECIMAL CLASSIFICATION NUMBER
Classification number 338.762138
Author Mark WEL
100 ## - MAIN ENTRY--PERSONAL NAME
Personal name Jack Welch
9 (RLIN) 125610
110 ## - MAIN ENTRY--CORPORATE NAME
Corporate name or jurisdiction name as entry element John A. Byrne
9 (RLIN) 127489
245 ## - TITLE STATEMENT
Title Jack: What I Learned Leading a Great Company with Great People
260 ## - PUBLICATION, DISTRIBUTION, ETC.
Place of publication, distribution, etc. Britannia:
Name of publisher, distributor, etc. Headline book publishing,
Date of publication, distribution, etc. 2001.
650 ## - SUBJECT ADDED ENTRY--TOPICAL TERM
Topical term or geographic name entry element Jack: What I Learned Leading a Great Company with Great People
9 (RLIN) 127525
942 ## - ADDED ENTRY ELEMENTS (KOHA)
Source of classification or shelving scheme
Koha item type Book

No items available.

© 2023 Central Library, National University of Sciences and Technology. All Rights Reserved.